000 00363nam a2200133Ia 4500
008 130318s9999 xx 000 0 und d
020 _a9781420077711
082 _a004 DAR/C
100 _aDargie, Waltenegus
245 _aContext aware computing and self managing systems
260 _bCRC Press
_aBoca Raton
_c2006
300 _a381
650 _aAUTONOMIC COMPUTING
999 _c2366
_d2366